| 000 | 00695nam a2200217 a 4500 | ||
|---|---|---|---|
| 008 | |||
| 020 | _a9171064575 (pbk.) | ||
| 049 | _aMAIN | ||
| 090 |
_aHD1333.5 _bMOY |
||
| 100 | 1 | _aMoyo, Sam. | |
| 245 | 1 | 0 |
_aLand reform under structural adjustments in Zimbabwe : _bland use change in the Mashonaland provinces / _cSam Moyo. |
| 260 |
_aUppsala : _bNordiska Afrikainstitutet, _c2000. |
||
| 300 |
_a225 p. : _bill. ; _c24 cm. |
||
| 504 | _aIncudes bibliographical references. | ||
| 650 | 1 |
_aLand reform _xZimbabwe. |
|
| 907 |
_a.b10271697 _b20-07-12 _c18-11-09 |
||
| 003 | |||
| 005 | 20230123125003.0 | ||
| 040 | _cNUST | ||
| 942 |
_cBOOKS _kHD1333.5 _mMOY |
||
| 999 |
_c133724 _d133724 |
||